Halo - Top 20 most famous Characters - Statistics

General Stats
  • This quiz has been taken 374 times
  • The average score is 14 of 20
Answer Stats
Hint Answer % Correct
03. The Spartan of the Spartans John-117
100%
11. The assisting AI Cortana
87%
04. The gold-plated nemesis and friend The Arbiter
87%
07. A cigar smoking leader Sergeant Johnson
86%
01. She “found“ Cortana Dr. Catherine Halsey
85%
12. On top of the Covenant hierarchy Prophet of Truth
82%
08. One of the main UNSC captains Jacob Keyes
81%
10. Clever Flood-creature Gravemind
80%
13. The other Prophet Prophet of Regret
78%
20. The only survivor of Noble Team? Jun-A266
77%
15. Noble Team's number one Carter-A259
73%
05. An ancient Forunnner-leader The Didact
73%
09. daughter of the above Miranda Keyes
72%
02. Robot created by the Forunners 343 Guilty Spark
71%
14. Chieftain of the Brutes Tartarus
70%
06. Wife of the above Librarian
66%
18. Captain of the Infinity Thomas Lasky
51%
16. Sacrificed himself for the Pillar Noble Six
43%
17. Protagonist of Halo Wars Forge
39%
19. Famous ODST soldier Edward Buck
24%
No matching quizzes found
Score Distribution
Percent of People with Each Score
Percentile by Number Answered
Your Score History
You have not taken this quiz